[Event "CORSICA MASTERS 2009"]
[Site "Bastia"]
[Date "2009.10.06"]
[Round "3.4"]
[White "Hamdouchi, Adina-Maria"]
[Black "Maslak, Konstantin"]
[Result "1/2-1/2"]
[WhiteElo "2308"]
[BlackElo "2551"]
[PlyCount "136"]

1. d4 Nf6 2. Bf4 c5 3. c3 d5 4. e3 Nc6 5. Nd2 g6 6. Ngf3 Nh5 7. Bg5 h6 8. Bh4
g5 9. Ne5 Nxe5 10. dxe5 Ng7 11. Bg3 Qb6 12. Qb3 c4 13. Qxb6 axb6 14. a3 b5 15.
e4 dxe4 16. Nxe4 Bf5 17. Nd2 Ne6 18. b3 Nc5 19. bxc4 O-O-O 20. Nf3 Nd3+ 21.
Bxd3 Bxd3 22. cxb5 f5 23. exf6 exf6 24. Nd4 Bc5 25. O-O-O Bxa3+ 26. Kd2 Bc4 27.
Kc2 Bc5 28. Rhe1 Rhe8 29. h4 Rxe1 30. Rxe1 Bxd4 31. cxd4 Rxd4 32. hxg5 hxg5 33.
Kc3 Rg4 34. Re7 Bd5 35. b6 Kd8 36. Rh7 Ke8 37. Rc7 Bxg2 38. Rc4 Be4 39. Kd2 Kd7
40. Rd4+ Ke6 41. Rd6+ Kf5 42. Ke3 Bg2 43. Rd4 Rxd4 44. Kxd4 Kg4 45. Ke3 f5 46.
Bd6 Bf3 47. Be7 f4+ 48. Kd4 Kf5 49. Bd8 Be2 50. Be7 Bb5 51. Kd5 Bd7 52. Bd8 g4
53. Kd4 g3 54. fxg3 fxg3 55. Ke3 Kg4 56. Bc7 Kh3 57. Kf3 Bc6+ 58. Ke2 Kh2 59.
Bd6 Kg2 60. Be5 Bb5+ 61. Ke3 Bc4 62. Bd6 Kh3 63. Kf3 g2 64. Kf2 Bd5 65. Be5 Bc4
66. Bd6 Bd5 67. Be5 Be4 68. Bd6 Bd5 1/2-1/2

[Event "CORSICA MASTERS 2009"]
[Site "Bastia"]
[Date "2009.10.26"]
[Round "3.5"]
[White "Guliyev, Namig"]
[Black "Le Quang, Kim"]
[Result "1-0"]
[WhiteElo "2525"]
[BlackElo "2309"]
[PlyCount "63"]

1. e4 c5 2. Nf3 d6 3. d4 cxd4 4. Nxd4 Nf6 5. Nc3 Nc6 6. Bg5 e6 7. Qd2 a6 8.
O-O-O Bd7 9. f4 Be7 10. Nf3 b5 11. Bd3 b4 12. Ne2 a5 13. Kb1 O-O 14. g4 Qb6 15.
Bxf6 Bxf6 16. g5 Be7 17. f5 Rfb8 18. f6 Bf8 19. Nf4 b3 20. cxb3 a4 21. fxg7
Bxg7 22. Nh5 axb3 23. a3 Rxa3 24. bxa3 Qc5 25. Nf6+ Kh8 26. Qc1 Qf2 27. Rd2
Qxf3 28. Nxd7 Ra8 29. Rf1 Qe3 30. Qxc6 Rg8 31. Rfd1 Qxg5 32. e5 1-0

[Event "CORSICA MASTERS 2009"]
[Site "Bastia"]
[Date "2009.10.26"]
[Round "3.6"]
[White "Massoni, Michael"]
[Black "Shishkin, Vadim"]
[Result "0-1"]
[WhiteElo "2291"]
[BlackElo "2511"]
[PlyCount "76"]
[EventDate "2009.??.??"]

1. e4 c5 2. Nf3 Nc6 3. c3 d5 4. exd5 Qxd5 5. d4 Bg4 6. Be2 cxd4 7. cxd4 e6 8.
Nc3 Bb4 9. O-O Qa5 10. Ne4 Rd8 11. Be3 Bf5 12. Ng3 Nge7 13. Qb3 O-O 14. a3 Bd6
15. Nxf5 Qxf5 16. Rac1 Qa5 17. Bd3 h6 18. Bb1 Rfe8 19. Qd3 Ng6 20. Qb3 Nge7 21.
Qd3 Kf8 22. b4 Qh5 23. b5 Nb8 24. Qh7 Nd7 25. h3 Nf6 26. Qh8+ Neg8 27. Ne5 Rc8
28. Nc4 Be7 29. a4 Qd5 30. Ne5 Ba3 31. Rcd1 Red8 32. f3 Qb3 {illisible} 33.
Rde1 Bb4 34. Re2 Qxa4 35. Ng4 Be7 36. Bxh6 gxh6 37. Nxh6 Qxd4+ 38. Kh1 Qf4 0-1

[Event "CORSICA MASTERS 2009"]
[Site "Bastia"]
[Date "2009.10.26"]
[Round "3.7"]
[White "Prie, Eric"]
[Black "Ljubisavljevic, Zivojin Z"]
[Result "0-1"]
[WhiteElo "2493"]
[BlackElo "2291"]
[PlyCount "59"]

1. d4 Nf6 2. Bf4 c5 3. e3 cxd4 4. exd4 g6 5. Nc3 Bg7 6. Qd2 d5 7. Bh6 Bxh6 8.
Qxh6 Qb6 9. O-O-O Nc6 10. Bb5 Be6 11. f3 O-O-O 12. Nge2 Kb8 13. Bxc6 Qxc6 14.
Nf4 Ne8 15. Rhe1 Nc7 16. Qg7 Qd6 17. g3 Rhg8 18. Qh6 b5 19. a3 b4 20. axb4 Qxb4
21. Re3 Ka8 22. Na2 Qc4 23. b3 Qa6 24. Kb2 Nb5 25. Nxe6 fxe6 26. Qxh7 Qa3+ 27.
Kb1 Rh8 28. Qxg6 Rxh2 29. Nc3 Nd6 30. Qxe6 {illisible} 0-1

[Event "CORSICA MASTERS 2009"]
[Site "Bastia"]
[Date "2009.10.26"]
[Round "3.8"]
[White "Levacic, Damir"]
[Black "Karpatchev, Aleksandr"]
[Result "0-1"]
[WhiteElo "2281"]
[BlackElo "2477"]
[PlyCount "94"]

1. d4 d5 2. c4 dxc4 3. e3 Nf6 4. Bxc4 e6 5. Nf3 a6 6. O-O b5 7. Bb3 Bb7 8. Qe2
c5 9. dxc5 Bxc5 10. Rd1 Qc7 11. Nc3 O-O 12. Bd2 Nbd7 13. Rac1 Ng4 14. h3 Bxf3
15. Qxf3 Qh2+ 16. Kf1 Nge5 17. Qg3 Qxg3 18. fxg3 Nd3 19. Rc2 Nf6 20. Ne2 Ne4
21. Ba5 Nef2 22. Rb1 Bxe3 23. Nf4 Nxf4 24. gxf4 Ne4 25. Ke2 Ba7 26. Kf3 Nc5 27.
Rbc1 Nxb3 28. axb3 Bd4 29. Ke4 Bf6 30. g4 h6 31. b4 g5 32. f5 Rfe8 33. fxe6
Rxe6+ 34. Kd5 Kg7 35. b3 Rae8 36. Rf1 Re5+ 37. Kd6 Re3 38. Rcf2 R8e6+ 39. Kd7
Rxh3 40. Bc7 Kg6 41. Rf3 Rxf3 42. Rxf3 Re4 43. Bd6 Rxg4 44. Kc6 Re4 45. Kb7 Re6
46. Bc5 g4 47. Rd3 h5 0-1

[Event "CORSICA MASTERS 2009"]
[Site "Bastia"]
[Date "2009.10.26"]
[Round "3.9"]
[White "Gruenfeld, Yehuda"]
[Black "Buscara, Sevan"]
[Result "1-0"]
[WhiteElo "2474"]
[BlackElo "2272"]
[PlyCount "59"]

1. e4 d5 2. exd5 Qxd5 3. Nc3 Qa5 4. d4 Nf6 5. Nf3 Bf5 6. Ne5 c6 7. Nc4 Qc7 8.
g3 e6 9. Bg2 Nd5 10. O-O Nd7 11. Nxd5 cxd5 12. Ne3 Bg6 13. Re1 O-O-O 14. c4
dxc4 15. Nxc4 Qxc4 16. Bf4 Nc5 17. Be5 Nd3 18. Re3 Bd6 19. Bxg7 Rhg8 20. Bf6
Bf4 21. Qf3 Rd5 22. Rxd3 Bxd3 23. Qxf4 Rf5 24. Qd2 Kb8 25. Rc1 Qb5 26. Be5+ Ka8
27. Rc5 Qb6 28. Qc3 a5 29. Qxd3 Qb4 30. Qa6# 1-0

[Event "CORSICA MASTERS 2009"]
[Site "Bastia"]
[Date "2009.10.06"]
[Round "3.10"]
[White "Davitian, Achot"]
[Black "Kozakov, Mikhail"]
[Result "1/2-1/2"]
[WhiteElo "2261"]
[BlackElo "2437"]
[PlyCount "125"]

1. f4 d5 2. e3 Nf6 3. Nf3 e6 4. d4 c5 5. c3 Be7 6. Bd3 Nbd7 7. Nbd2 b6 8. O-O
Bb7 9. Ne5 Qc7 10. Qf3 a6 11. a4 g6 12. Qh3 Nh5 13. Ndf3 Nxe5 14. Nxe5 Bd6 15.
Bd2 O-O-O 16. Be1 Kb8 17. g4 Ng7 18. Bh4 Rdg8 19. Bf6 h5 20. g5 Rh7 21. Bxg7
Rgxg7 22. Qg2 Rh8 23. Be2 Ka7 24. Bf3 Rc8 25. Rfe1 Be7 26. Kh1 f6 27. gxf6 Bxf6
28. Qh3 Qe7 29. Rg1 cxd4 30. exd4 g5 31. Qxh5 Rh7 32. Qg6 Rch8 33. Rg2 gxf4 34.
Re1 Bxe5 35. Rxe5 Rh3 36. Bg4 R3h6 37. Qc2 Rf6 38. Bf3 Rh3 39. Qe2 Qh7 40. Qf1
Rfh6 41. Ree2 e5 42. Bg4 Re3 43. Rxe3 fxe3 44. Qf5 Qxf5 45. Bxf5 Rf6 46. Bd3
exd4 47. cxd4 Rf4 48. Re2 Rxd4 49. Rxe3 Rxa4 50. Re2 Rd4 51. Re3 Rg4 52. Rg3
Rb4 53. Kg1 Rxb2 54. h4 Rb4 55. h5 Rh4 56. Bg6 a5 57. Rg2 a4 58. Kf2 Rh1 59.
Kg3 b5 60. Kg4 a3 61. Kg5 d4 62. Rd2 b4 63. Bf7 {illisible} 1/2-1/2

[Event "CORSICA MASTERS 2009"]
[Site "Bastia"]
[Date "2009.10.26"]
[Round "3.13"]
[White "Bujisho, Benjamin"]
[Black "Remille, Tristan"]
[Result "1/2-1/2"]
[WhiteElo "2403"]
[BlackElo "2216"]
[PlyCount "68"]

1. d4 Nf6 2. Nf3 d5 3. c4 c6 4. e3 e6 5. Nbd2 c5 6. a3 cxd4 7. exd4 dxc4 8.
Nxc4 Be7 9. Bd3 O-O 10. O-O b6 11. Bg5 Bb7 12. Rc1 Nbd7 13. Bb1 b5 14. Ne3 a6
15. Ne5 Rc8 16. Qe2 Nb6 17. Rxc8 Nxc8 18. Rd1 Nb6 19. h4 Ne4 20. Bxe7 Qxe7 21.
Qg4 Nf6 22. Qg3 Nh5 23. Qg4 Nf6 24. Qe2 Nbd5 25. g3 Rc8 26. N3g4 Nxg4 27. Nxg4
Nf6 28. Nxf6+ Qxf6 29. Be4 Bxe4 30. Qxe4 g6 31. Rd2 Rd8 32. d5 Rxd5 33. Rxd5
exd5 34. Qxd5 h5 1/2-1/2

[Event "CORSICA MASTERS 2009"]
[Site "Bastia"]
[Date "2009.10.26"]
[Round "3.15"]
[White "Dimitrov, Pavel"]
[Black "Domenech, Vianney"]
[Result "1-0"]
[WhiteElo "2376"]
[BlackElo "2018"]
[PlyCount "113"]

1. e4 d5 2. Nc3 d4 3. Nce2 e5 4. d3 Be6 5. c3 c5 6. f4 f6 7. Nf3 Nc6 8. c4 b5
9. cxb5 Qa5+ 10. Kf2 Qxb5 11. b3 Nb4 12. Ng3 exf4 13. Bxf4 g5 14. Bc1 h5 15.
Be2 h4 16. Nf5 Bxf5 17. exf5 g4 18. Nd2 g3+ 19. Kg1 Qd7 20. hxg3 Qxf5 21. Bf3
Bh6 22. Nc4 Rd8 23. Rxh4 Nxd3 24. Qe2+ Ne5 25. Nxe5 fxe5 26. Rh5 Qf6 27. Rxe5+
Kf8 28. Bxh6+ Nxh6 29. Rf1 d3 30. Qe3 Nf7 31. Bh5 Qxf1+ 32. Kxf1 d2 33. Qxc5+
Rd6 34. Re8+ Kxe8 35. Qxd6 Rxh5 36. Qxd2 Rf5+ 37. Kg1 a5 38. g4 Re5 39. Qd4 Ke7
40. Kf2 Ke6 41. a3 Nd6 42. Kf3 Rd5 43. Qe3+ Re5 44. Qh6+ Kd5 45. Qh8 Ke6 46.
Qg8+ Kf6 47. g5+ Ke7 48. g6 Rf5+ 49. Ke2 Ne8 50. g4 Rf8 51. Qd5 Kf6 52. Qc6+
Kg7 53. g5 Kg8 54. Qh1 Rf5 55. Qh7+ Kf8 56. Qh8+ Ke7 57. g7 1-0

[Event "CORSICA MASTERS 2009"]
[Site "Bastia"]
[Date "2009.10.26"]
[Round "3.16"]
[White "Costa, Pierre-Mathieu"]
[Black "Mullon, Jean-Baptiste"]
[Result "0-1"]
[WhiteElo "1958"]
[BlackElo "2368"]
[PlyCount "74"]

1. d4 d5 2. c4 c6 3. Nc3 Nf6 4. Nf3 dxc4 5. a4 Bf5 6. Ne5 Nbd7 7. Nxc4 Qc7 8.
g3 e5 9. dxe5 Nxe5 10. Bf4 Nfd7 11. e4 Be6 12. Qh5 g5 13. Bxe5 Nxe5 14. Nxe5
Qxe5 15. O-O-O Bg7 16. Bh3 Bxh3 17. Qxh3 O-O 18. f4 gxf4 19. gxf4 Qxf4+ 20. Kb1
Rad8 21. Rdf1 Qh6 22. Qf5 Rd6 23. e5 Re6 24. Rhg1 Kh8 25. Re1 Qh4 26. Re4 Qe7
27. Rg5 Rg6 28. Rh5 Qe6 29. Qf2 f5 30. exf6 Qxf6 31. Qxa7 Qf1+ 32. Ka2 Bxc3 33.
Reh4 Qf7+ 34. Ka3 Bxb2+ 35. Kb4 Rg4+ 36. Rxg4 Qxh5 37. Rc4 Qe5 0-1

[Event "CORSICA MASTERS 2009"]
[Site "Bastia"]
[Date "2009.10.26"]
[Round "3.17"]
[White "Palac, Mladen"]
[Black "Susini, Noelia"]
[Result "1-0"]
[WhiteElo "2576"]
[BlackElo "1430"]
[PlyCount "39"]

1. e4 e5 2. Nf3 Nc6 3. Bb5 Nf6 4. d3 Nd4 5. Nxd4 exd4 6. e5 Nd5 7. O-O Bc5 8.
Qg4 Rg8 9. Qe4 Bb6 10. Qxh7 Ne7 11. Bg5 Kf8 12. Re1 Qe8 13. Nd2 Ng6 14. Qh5
Nxe5 15. Nc4 f6 16. Qxe8+ Kxe8 17. Nxe5 fxe5 18. Rxe5+ Kf8 19. Rf5+ Ke8 20.
Re1# 1-0

[Event "CORSICA MASTERS 2009"]
[Site "Bastia"]
[Date "2009.10.26"]
[Round "3.18"]
[White "Njili, Kamel"]
[Black "Teychene, Jean-Louis"]
[Result "1-0"]
[WhiteElo "2316"]
[BlackElo "1956"]
[PlyCount "41"]

1. d3 d5 2. Nd2 e5 3. Ngf3 Bd6 4. e4 c6 5. d4 Nd7 6. exd5 cxd5 7. dxe5 Qe7 8.
Bb5 Kf8 9. Bxd7 Bxd7 10. O-O Bxe5 11. Re1 f6 12. Nxe5 fxe5 13. Nf3 e4 14. Qxd5
Bc6 15. Qc4 Nf6 16. Bg5 h6 17. Bxf6 Qxf6 18. Nd4 Re8 19. Nxc6 Qxc6 20. Qxc6
bxc6 21. Rad1 1-0

[Event "CORSICA MASTERS 2009"]
[Site "Bastia"]
[Date "2009.10.26"]
[Round "3.25"]
[White "Humeau, Cyril"]
[Black "Leibenguth, Jean"]
[Result "1-0"]
[WhiteElo "2171"]
[BlackElo "1717"]
[PlyCount "65"]

1. c4 Nf6 2. Nc3 d5 3. cxd5 Nxd5 4. e4 Nxc3 5. bxc3 e5 6. Nf3 Bd6 7. Be2 O-O 8.
O-O Nd7 9. d4 b6 10. Re1 Bb7 11. Bc4 Re8 12. Qb3 Rf8 13. Bg5 Be7 14. Bc1 h6 15.
Nxe5 Nxe5 16. dxe5 Bg5 17. Ba3 Be7 18. Rad1 Qe8 19. Bc1 Bc5 20. e6 fxe6 21.
Bxe6+ Kh8 22. Be3 Bd6 23. Bd5 Rb8 24. Bxb7 Rxb7 25. Qd5 Rb8 26. Bd4 Rd8 27. e5
Be7 28. Qe4 Qd7 29. e6 Qb5 30. Qg6 Qg5 31. Bxg7+ Kg8 32. Qxg5 hxg5 33. Bxf8 1-0

[Event "CORSICA MASTERS 2009"]
[Site "Bastia"]
[Date "2009.10.26"]
[Round "3.26"]
[White "Bressac, Stephane"]
[Black "Geronimi, Didier"]
[Result "1-0"]
[WhiteElo "2153"]
[BlackElo "1711"]
[PlyCount "57"]

1. e4 d6 2. d4 Nf6 3. Nc3 g6 4. Be3 Bg7 5. f3 c6 6. Qd2 Nbd7 7. O-O-O b5 8. Kb1
Qa5 9. h4 Ba6 10. Bh6 Bxh6 11. Qxh6 b4 12. Nce2 Bb5 13. Nh3 Kd8 14. Ng5 Kc7 15.
Nc1 Bxf1 16. Rhxf1 Qb5 17. Nxf7 Rhb8 18. e5 dxe5 19. dxe5 Nxe5 20. Nxe5 Nd5 21.
Qxh7 Nc3+ 22. bxc3 bxc3+ 23. Nb3 Qxe5 24. Rfe1 Qa5 25. Rxe7+ Kb6 26. Nxa5 Kxa5+
27. Rb7 Ka6 28. Rxb8 Rxb8+ 29. Ka1 1-0

[Event "CORSICA MASTERS 2009"]
[Site "Bastia"]
[Date "2009.10.26"]
[Round "3.40"]
[White "Oupindrin, Narayanin"]
[Black "Gil, Jean-Jacques"]
[Result "1-0"]
[WhiteElo "2021"]
[BlackElo "1632"]
[PlyCount "25"]

1. e4 c5 2. Nf3 a6 3. d4 cxd4 4. Nxd4 Nf6 5. Nc3 e5 6. Nb3 b5 7. Bg5 Be7 8. Be2
b4 9. Bxf6 bxc3 10. Bxe7 Qxe7 11. bxc3 Qh4 12. O-O Qxe4 13. Bf3 1-0

[Event "CORSICA MASTERS 2009"]
[Site "Bastia"]
[Date "2009.10.26"]
[Round "3.59"]
[White "Lhostis, Florian"]
[Black "Le Roc'H, Daniel"]
[Result "1-0"]
[WhiteElo "1360"]
[BlackElo "1873"]
[PlyCount "85"]

1. e4 e5 2. Nf3 Nc6 3. Bc4 Nf6 4. Ng5 d5 5. exd5 Na5 6. Bb5+ c6 7. dxc6 bxc6 8.
Qf3 Rb8 9. Bxc6+ Nxc6 10. Qxc6+ Nd7 11. Qc4 Qxg5 12. Qe4 Bb7 13. h4 Bxe4 14.
hxg5 Bc5 15. Rg1 Bxc2 16. Nc3 O-O 17. b3 e4 18. Bb2 Ne5 19. Nxe4 Nd3+ 20. Ke2
Rfe8 21. Kf3 Rxe4 22. Kxe4 Nxb2+ 23. Kf3 Nd3 24. Rgc1 Nxc1 25. Rxc1 Bxb3 26.
axb3 Rxb3+ 27. Ke2 Bf8 28. Rc8 a5 29. Rc4 Rb4 30. Rc8 a4 31. Ra8 a3 32. Rxa3
Re4+ 33. Kf3 Bxa3 34. Kxe4 Bc1 35. d4 Bxg5 36. f4 Bxf4 37. Kxf4 h5 38. Ke5 Kf8
39. Kd6 g5 40. Kc7 h4 41. d5 g4 42. d6 h3 43. gxh3 1-0

[Event "CORSICA MASTERS 2009"]
[Site "Bastia"]
[Date "2009.10.26"]
[Round "3.67"]
[White "Luciani, Thibault"]
[Black "Canutti, Laurane"]
[Result "1-0"]
[WhiteElo "1764"]
[BlackElo "1160"]
[PlyCount "53"]

1. e4 e5 2. Nf3 Nc6 3. Bc4 Qe7 4. O-O Nf6 5. d4 d6 6. Bb5 a6 7. Ba4 Bd7 8. d5
Nb8 9. Bxd7+ Nbxd7 10. Qe2 O-O-O 11. c4 h6 12. b4 g5 13. Nc3 Bg7 14. a4 Nb8 15.
Be3 Ng4 16. a5 Nxe3 17. Qxe3 g4 18. Nd2 Bf6 19. Nb3 Bg5 20. Qa7 Bf4 21. g3 Bg5
22. c5 h5 23. Qa8 h4 24. c6 bxc6 25. dxc6 Rd7 26. Qb7+ Kd8 27. Qxb8# 1-0

[Event "CORSICA MASTERS 2009"]
[Site "Bastia"]
[Date "2009.10.27"]
[Round "4.1"]
[White "Sokolov, Ivan"]
[Black "Gruenfeld, Yehuda"]
[Result "1-0"]
[WhiteElo "2657"]
[BlackElo "2474"]
[PlyCount "69"]
[EventDate "2009.??.??"]

1. d4 Nf6 2. c4 e6 3. Nf3 Bb4+ 4. Bd2 Qe7 5. Nc3 O-O 6. Qc2 d6 7. a3 Bxc3 8.
Bxc3 Nbd7 9. b4 e5 10. e3 e4 11. Nd2 c5 12. Be2 Re8 13. bxc5 dxc5 14. d5 b5 15.
Rd1 bxc4 16. Nxc4 Bb7 17. d6 Qe6 18. O-O Bd5 19. Ba5 Rec8 20. Rd2 Ne8 21. Rfd1
Ndf6 22. h3 h6 23. Bg4 Nxg4 24. Rxd5 Nef6 25. R5d2 Ne5 26. Nxe5 Qxe5 27. d7 Rd8
28. Bxd8 Rxd8 29. Rd6 Kf8 30. Qa4 Ke7 31. Qc6 h5 32. Rxf6 gxf6 33. Rd5 Qb8 34.
Qxc5+ Ke6 35. Qc4 1-0

[Event "CORSICA MASTERS 2009"]
[Site "Bastia"]
[Date "2009.10.27"]
[Round "4.2"]
[White "Lehtivaara, Petri"]
[Black "Hamdouchi, Hicham"]
[Result "1/2-1/2"]
[WhiteElo "2377"]
[BlackElo "2590"]
[PlyCount "94"]
[EventDate "2009.??.??"]

1. d4 Nf6 2. c4 c5 3. e3 g6 4. Nc3 Bg7 5. Nf3 O-O 6. dxc5 Na6 7. Be2 Nxc5 8.
O-O b6 9. Qc2 d6 10. Nd4 Bb7 11. b4 Ncd7 12. Bb2 Rc8 13. Qb3 a6 14. Rfd1 e6 15.
a4 Qc7 16. a5 e5 17. Nf3 Rfd8 18. Nd2 e4 19. axb6 Nxb6 20. Na4 Nxa4 21. Rxa4
Rb8 22. h3 Qc8 23. Qa3 h5 24. Qa1 Ne8 25. b5 axb5 26. cxb5 d5 27. Bxg7 Nxg7 28.
Nb3 Qc7 29. Rc1 Qe7 30. Nd4 Ra8 31. Ra7 Qd6 32. Qa5 Rxa7 33. Qxa7 Rd7 34. Qa5
Nf5 35. b6 Nxd4 36. exd4 Qf4 37. Rc7 Rxc7 38. bxc7 e3 39. fxe3 Qxe3+ 40. Kf1
Qc1+ 41. Kf2 Qf4+ 42. Bf3 Qxd4+ 43. Kg3 Kh7 44. Kh2 Qf4+ 45. Kh1 Qc1+ 46. Kh2
Qf4+ 47. Kh1 Qc1+ 1/2-1/2

[Event "CORSICA MASTERS 2009"]
[Site "Bastia"]
[Date "2009.10.27"]
[Round "4.4"]
[White "Mullon, Jean-Baptiste"]
[Black "Guliyev, Namig"]
[Result "1/2-1/2"]
[WhiteElo "2368"]
[BlackElo "2525"]
[PlyCount "131"]
[EventDate "2009.??.??"]

1. e4 c5 2. Nf3 d6 3. d4 cxd4 4. Nxd4 Nf6 5. Nc3 a6 6. Be3 e6 7. Be2 Qc7 8. O-O
b5 9. a4 b4 10. Na2 Nxe4 11. c3 b3 12. Nxb3 Bb7 13. a5 Nd7 14. Nd2 Nxd2 15.
Qxd2 Be7 16. c4 Nc5 17. Nc1 O-O 18. b4 Ne4 19. Qc2 d5 20. f3 Nd6 21. Bb6 Qc6
22. Bc5 dxc4 23. Bxc4 Bf6 24. Ra3 Nxc4 25. Qxc4 Rfd8 26. Ne2 Rd2 27. Nc3 Bd4+
28. Kh1 Bxc3 29. Rxc3 Qd7 30. h3 Rc8 31. Qg4 h6 32. Re3 Qb5 33. Rfe1 Rcd8 34.
Re5 R8d5 35. Rxd5 Rxd5 36. Qf4 Rf5 37. Qd4 Rd5 38. Qf4 Qd7 39. Re5 Rd1+ 40. Kh2
f6 41. Re2 e5 42. Qc4+ Kh8 43. Bf2 Qf5 44. Qc2 Qf4+ 45. Bg3 Qd4 46. Bf2 Qd7 47.
Be3 Rd5 48. Rd2 f5 49. Rxd5 Bxd5 50. f4 exf4 51. Bxf4 Qe6 52. Qd3 Kh7 53. Bd2
Be4 54. Qg3 Bc6 55. Bc3 Qf7 56. Be5 g5 57. Qd3 Qe6 58. Qd6 Qxd6 59. Bxd6 f4 60.
h4 Kg6 61. hxg5 hxg5 62. g3 fxg3+ 63. Kxg3 Kf5 64. Bc5 Bb5 65. Bd6 Bc6 66. Bc5
1/2-1/2

[Event "CORSICA MASTERS 2009"]
[Site "Bastia"]
[Date "2009.10.27"]
[Round "4.5"]
[White "Shishkin, Vadim"]
[Black "Ljubisavljevic, Zivojin Z"]
[Result "1-0"]
[WhiteElo "2511"]
[BlackElo "2291"]
[PlyCount "52"]
[EventDate "2009.??.??"]

1. d4 Nf6 2. c4 c5 3. d5 b5 4. cxb5 a6 5. bxa6 Bxa6 6. Nc3 d6 7. e4 Bxf1 8.
Kxf1 g6 9. Nf3 Bg7 10. g3 O-O 11. Kg2 Qb6 12. Re1 Nfd7 13. Re2 Na6 14. Bf4 c4
15. Be3 Nac5 16. Rb1 Qa6 17. Bd4 e5 18. dxe6 fxe6 19. Bxg7 Kxg7 20. Qd4+ e5 21.
Qd2 Ne6 22. Rd1 Rf6 23. Nd5 Rxf3 24. Kxf3 Nd4+ 25. Kg2 Qxa2 26. Re3 Nc5 1-0

[Event "CORSICA MASTERS 2009"]
[Site "Bastia"]
[Date "2009.10.27"]
[Round "4.6"]
[White "Karpatchev, Aleksandr"]
[Black "Kozlov, Oleg"]
[Result "1/2-1/2"]
[WhiteElo "2477"]
[BlackElo "2226"]
[PlyCount "119"]
[EventDate "2009.??.??"]

1. e4 c5 2. c3 d5 3. exd5 Qxd5 4. d4 Nc6 5. Nf3 e6 6. Na3 Qd8 7. Nc2 Nf6 8. Be3
cxd4 9. Ncxd4 Bd7 10. Nxc6 Bxc6 11. Qxd8+ Kxd8 12. Ne5 Be8 13. O-O-O+ Kc7 14.
Be2 Nd5 15. Bd2 f6 16. Nd3 Bb5 17. Rhe1 Re8 18. Nf4 Bxe2 19. Rxe2 Nxf4 20.
Bxf4+ e5 21. Be3 Re6 22. f4 Be7 23. Bd4 Bd6 24. Bxa7 Ra8 25. f5 Re7 26. Bb6+
Kxb6 27. Rxd6+ Kc7 28. Rd4 Rxa2 29. Rc4+ Kb8 30. Kb1 Ra6 31. Rb4 Rc6 32. Rh4 g6
33. Rf2 e4 34. Kc2 Rd6 35. g4 Ka7 36. Rh6 Rg7 37. Re2 gxf5 38. gxf5 Re7 39. Re3
Rb6 40. c4 Re5 41. Rh5 Rc6 42. b3 Rc7 43. Kc3 Rg7 44. Kb4 Rg5 45. Rxh7 Rgxf5
46. Rh4 Rf2 47. Rhxe4 Rxe4 48. Rxe4 Rxh2 49. Rf4 Rh6 50. Kb5 Kb8 51. c5 Kc7 52.
b4 Rg6 53. Rf5 Rh6 54. Ka5 Rg6 55. Rf1 b6+ 56. cxb6+ Kb7 57. Rf4 Rg5+ 58. Ka4
Kxb6 59. Rxf6+ Kb7 60. Rd6 1/2-1/2

[Event "CORSICA MASTERS 2009"]
[Site "Bastia"]
[Date "2009.10.27"]
[Round "4.7"]
[White "Lasinskas, Povilas"]
[Black "Palac, Mladen"]
[Result "0-1"]
[WhiteElo "2229"]
[BlackElo "2576"]
[PlyCount "96"]
[EventDate "2009.??.??"]

1. d4 Nf6 2. c4 e6 3. Nc3 Bb4 4. Qc2 O-O 5. a3 Bxc3+ 6. Qxc3 b6 7. Bg5 h6 8.
Bh4 Ba6 9. e3 d6 10. Nf3 Nbd7 11. Bd3 c5 12. d5 exd5 13. cxd5 Bxd3 14. Qxd3 Qe8
15. O-O Qe4 16. Qxe4 Nxe4 17. Rfd1 g5 18. Bg3 f5 19. Nd2 Nxd2 20. Rxd2 f4 21.
exf4 gxf4 22. Bh4 Rae8 23. Kf1 Ne5 24. Re1 Kf7 25. Rde2 Ng6 26. Rxe8 Rxe8 27.
Rxe8 Kxe8 28. Bf6 Kf7 29. Bc3 Ne7 30. Ke2 Nxd5 31. Kf3 Nxc3 32. bxc3 b5 33.
Kxf4 a5 34. Ke3 a4 35. Kd3 d5 36. c4 dxc4+ 37. Kc3 Kf6 38. g4 Kg5 39. f3 Kh4
40. Kc2 b4 41. Kb2 Kh3 42. Kc2 Kh4 43. Kb2 Kg5 44. Kc2 bxa3 45. Kc3 Kf4 46. h4
a2 47. Kb2 c3+ 48. Ka1 Ke3 0-1

[Event "CORSICA MASTERS 2009"]
[Site "Bastia"]
[Date "2009.10.27"]
[Round "4.8"]
[White "Maslak, Konstantin"]
[Black "Davitian, Achot"]
[Result "1-0"]
[WhiteElo "2551"]
[BlackElo "2261"]
[PlyCount "101"]
[EventDate "2009.??.??"]

1. e4 c5 2. Nf3 e6 3. g3 d5 4. exd5 exd5 5. d4 Nc6 6. Bg2 Bg4 7. O-O Nxd4 8.
Qe1+ Be7 9. Nxd4 cxd4 10. Qe5 Nf6 11. Re1 Be6 12. Qxd4 O-O 13. Nc3 a6 14. Be3
Rc8 15. Qd2 Bc5 16. Bxc5 Rxc5 17. Rad1 Qc7 18. h3 h6 19. a3 b5 20. Qd3 Qc8 21.
g4 Qc7 22. Rd2 Rc8 23. Qe3 Rc4 24. Bf1 Rf4 25. Qe5 Qxe5 26. Rxe5 Rxc3 27. bxc3
Ra4 28. c4 bxc4 29. Re3 c3 30. Rd1 Rxa3 31. Ree1 h5 32. f3 Ra2 33. Bd3 Nd7 34.
Ra1 Rxa1 35. Rxa1 Ne5 36. Rxa6 Nxd3 37. cxd3 d4 38. Kf2 Kh7 39. Ke2 Kh6 40. Ra5
g6 41. g5+ Kg7 42. h4 Kf8 43. Ra4 Bd5 44. Rxd4 c2 45. Kd2 Bxf3 46. Kxc2 Ke7 47.
Rf4 Bg4 48. Rf6 Be6 49. Kc3 Kd6 50. Kd4 Ke7 51. Ke5 1-0

[Event "CORSICA MASTERS 2009"]
[Site "Bastia"]
[Date "2009.10.27"]
[Round "4.9"]
[White "Kozakov, Mikhail"]
[Black "Hamdouchi, Adina-Maria"]
[Result "1-0"]
[WhiteElo "2437"]
[BlackElo "2308"]
[PlyCount "131"]
[EventDate "2009.??.??"]

1. e4 d6 2. d4 Nf6 3. Nc3 g6 4. Bg5 Bg7 5. Qd2 h6 6. Bh4 g5 7. Bg3 Nh5 8. Nge2
Nc6 9. O-O-O Bd7 10. d5 Na5 11. f3 Nc4 12. Qe1 Ne3 13. Rd3 Nxf1 14. Qxf1 Nxg3
15. hxg3 c5 16. dxc6 bxc6 17. f4 g4 18. Qf2 Qa5 19. Nd4 Qb6 20. Qd2 Rb8 21. b3
Qa5 22. Na4 Qxd2+ 23. Kxd2 Bxd4 24. Rxd4 c5 25. Rd3 Bxa4 26. bxa4 h5 27. Rb3
Rxb3 28. axb3 e6 29. c3 Kd7 30. b4 Kc6 31. b5+ Kb6 32. c4 f6 33. Kc3 Kc7 34. a5
Rh7 35. Kd3 f5 36. Ke3 Rh8 37. Kd3 Rh7 38. Re1 Kd7 39. Rb1 Kc7 40. Ke3 Rh8 41.
Rd1 fxe4 42. Kxe4 Rf8 43. Rd2 Rf7 44. Rf2 Rf5 45. Rf1 Kd7 46. Ra1 Rf8 47. Re1
Rf7 48. Kd3 Rf5 49. Kc3 Rf6 50. Kb3 Rf5 51. Re4 Rf6 52. Ka4 Kc7 53. Re1 h4 54.
gxh4 Rxf4 55. Kb3 Kd7 56. h5 Rf6 57. Re4 Rh6 58. Rxg4 Rxh5 59. Rg7+ Kc8 60.
Rxa7 Rg5 61. b6 Kb8 62. Re7 Rxg2 63. a6 Rg8 64. Ka4 d5 65. Kb5 Rd8 66. a7+ 1-0

[Event "CORSICA MASTERS 2009"]
[Site "Bastia"]
[Date "2009.10.27"]
[Round "4.10"]
[White "Remille, Tristan"]
[Black "Shirazi, Kamran"]
[Result "0-1"]
[WhiteElo "2216"]
[BlackElo "2410"]
[PlyCount "245"]

1. d4 Nf6 2. Nf3 d6 3. c4 h6 4. g3 c5 5. Bg2 cxd4 6. Nxd4 e5 7. Nc2 Nc6 8. O-O
Be6 9. Ne3 Be7 10. Nc3 O-O 11. Ned5 Rc8 12. b3 Bg4 13. h3 Bh5 14. Nxe7+ Qxe7
15. Be3 a6 16. Qd2 b5 17. cxb5 axb5 18. a4 bxa4 19. Rxa4 d5 20. Nxd5 Nxd5 21.
Bxd5 Rfd8 22. Rh4 Bg6 23. Bxh6 Nd4 24. Bg5 Rxd5 25. Bxe7 Nf3+ 26. exf3 Rxd2 27.
Rc4 Rb8 28. Rc3 Rd3 29. Rxd3 Bxd3 30. Re1 f6 31. b4 Ra8 32. Bc5 Bb5 33. f4 exf4
34. gxf4 Kf7 35. Kg2 Bc6+ 36. Kh2 Kg6 37. Re6 Bd7 38. Re2 Bf5 39. Re3 Ra1 40.
Rg3+ Kf7 41. Re3 Rb1 42. Kg2 Be6 43. Kf3 Bxh3 44. Ke4 Be6 45. f5 Bd7 46. Kf4
Kg8 47. Ra3 Bb5 48. Ra8+ Kh7 49. Rb8 Bc6 50. Rc8 Bd5 51. Bf8 Kg8 52. Bd6+ Kh7
53. Rc7 Kg8 54. Ke3 Bg2 55. Rc8+ Kh7 56. Rc7 Kg8 57. Rc5 Rb3+ 58. Ke2 Be4 59.
b5 Bd3+ 60. Kd2 Bxb5 61. Kc2 Ba4 62. Kd2 Bd7 63. Ke2 Bb5+ 64. Ke1 Bd7 65. Ke2
Bb5+ 66. Ke1 Bd7 67. Ke2 Kh7 68. Rc7 Rb2+ 69. Ke3 Rb3+ 70. Ke2 Bb5+ 71. Ke1 Kg8
72. Rc8+ Kh7 73. Rc7 Rb1+ 74. Kd2 Ba4 75. Bf8 Rg1 76. Ke3 Kg8 77. Bd6 Re1+ 78.
Kf3 Bd1+ 79. Kg2 Bg4 80. Rc5 Rd1 81. Bf4 Bh5 82. Be3 Bf7 83. Kf3 Rg1 84. Ke4
Kh7 85. Rc7 Ba2 86. Rc1 Rg4+ 87. Kf3 Rb4 88. Rc5 Bb3 89. Kg2 Rh4 90. Kg3 Rh5
91. Kg4 Bd1+ 92. Kg3 Be2 93. Bd4 Rg5+ 94. Kf4 Bd3 95. Rd5 Bc2 96. Rc5 Bd1 97.
Rd5 Bh5 98. f3 Be8 99. Bf2 Rg2 100. Bg3 Rc2 101. Ra5 Rc4+ 102. Ke3 Rc3+ 103.
Kf4 Bc6 104. Bh4 Rxf3+ 105. Kg4 Rd3 106. Ra6 Rd4+ 107. Kg3 Bd7 108. Bxf6 gxf6
109. Rxf6 Kg7 110. Rg6+ Kf7 111. Rb6 Ke7 112. f6+ Kf7 113. Kf3 Be6 114. Ke3 Rh4
115. Ra6 Kxf6 116. Rb6 Ke5 117. Rb5+ Bd5 118. Ra5 Rh3+ 119. Kf2 Rf3+ 120. Ke2
Rb3 121. Ra4 Be4 122. Ra5+ Kf4 123. Kd2 0-1